Central Library OPAC University of Rajshahi

Hunting in the wilderness : (Record no. 76477)

MARC details
000 -LEADER
fixed length control field 00746nam a2200253 a 4500
001 - CONTROL NUMBER
control field 76477
003 - CONTROL NUMBER IDENTIFIER
rucl marc code BD-RjUL
005 - DATE AND TIME OF LATEST TRANSACTION
control field 20211209082841.0
008 - FIXED-LENGTH DATA ELEMENTS--GENERAL INFORMATION
fixed length control field 191210s1963 enk 000 0 eng
035 ## - SYSTEM CONTROL NUMBER
System control number (BD-RjUL)76699
System control number (OCoLC)9133897
040 ## - CATALOGING SOURCE
Original cataloging agency DLC
Transcribing agency ICarbS
Modifying agency DLC
Language of cataloging eng
041 ## - LANGUAGE CODE
Language code of text/sound track or separate title eng
082 00 - DEWEY DECIMAL CLASSIFICATION NUMBER
Edition number 23
Classification number 799.26
Author mark and year BRH 1963
100 1# - MAIN ENTRY--PERSONAL NAME
Personal name Brock, Stanley E.
9 (RLIN) 236250
245 10 - TITLE STATEMENT
Title Hunting in the wilderness :
Remainder of title big game hunting north of the Amazon /
Statement of responsibility, etc. Stanley E. Brock
260 ## - PUBLICATION, DISTRIBUTION, ETC. (IMPRINT)
Place of publication, distribution, etc. London :
Name of publisher, distributor, etc. R. Hale,
Date of publication, distribution, etc. 1963
300 ## - PHYSICAL DESCRIPTION
Pagination 208 p.:
Illustrations illus.;
Size 23 cm.
650 #0 - SUBJECT ADDED ENTRY--TOPICAL TERM
Topical term or geographic name as entry element Hunting
Geographic subdivision South America.
9 (RLIN) 236251
Topical term or geographic name as entry element Game and game-birds
Geographic subdivision South America.
9 (RLIN) 236252
942 ## - ADDED ENTRY ELEMENTS (KOHA)
Source of classification or shelving scheme Dewey Decimal Classification
Koha item type Books
Holdings
Lost status Source of classification or shelving scheme Damaged status Not for loan Collection code Permanent Location Current Location Shelving location Date acquired Source of acquisition Cost, normal purchase price Total Checkouts Full call number Date last seen Copy number Koha item type
  Dewey Decimal Classification   Not For Loan Non-fiction Central Library, University of Rajshahi Central Library, University of Rajshahi Reading Room 02/03/1964 Zeitlinger 18.00   799.26 BRH 1963 10/12/2019 C-1 Books